Reply requested: 30 letters of advice

Saved in:
Bibliografiske detaljer
Hovedforfatter: Yorkey, Richard (Author)
Format: Bog
Sprog:engelsk
Udgivet: Reading Addison Wesley Publishing Company 1981
Fag:
Tags: Tilføj Tag
Ingen Tags, Vær først til at tagge denne postø!

MARC

LEADER 00000cam a2200000 a 4500
001 UCF5974
003 CL-VaPUC
008 130404e19810000US |||||||||||||||||eng|d
020 |a 0201100789 
082 0 4 |a 428.07  |b YOR  |2 21 
100 0 |a Yorkey, Richard  |e author  |9 568013 
245 1 0 |a Reply requested: 30 letters of advice 
300 |a 127 p 
942 |c BK 
945 |d 20130404 00:00:00  |a dcastane 
260 |a Reading  |b Addison Wesley Publishing Company  |c 1981 
650 0 |a Lengua inglesa  |9 318842 
650 0 |a Enseñanza del inglés  |9 367340 
650 0 |a Redacción escrita  |9 484308 
650 0 |a Cartas  |9 321777 
583 |a last modification  |c 20130404 09:53:00  |k Rodrigo Vera 
999 |c 351367  |d 351365 
952 |0 0  |1 0  |4 0  |6 428_070000000000000_YOR_1981  |7 0  |8 A  |9 455416  |a BIBEDU  |b BIBEDU  |d 2019-11-22  |i 4810031  |o 428.07 YOR 1981  |p 4810031  |r 2019-11-22  |w 2019-11-22  |y BK  |k LIT